| 000 | 00941nam a22002537a 4500 | ||
|---|---|---|---|
| 003 | OSt | ||
| 005 | 20250910155226.0 | ||
| 008 | 250910b |||||||| |||| 00| 0 eng d | ||
| 020 | _a9789587613469 | ||
| 040 |
_aCO-UdeC _bspa _cCO-UdeC |
||
| 041 | 0 | _aspa | |
| 082 |
_21a. ed. _a109 _bN218 |
||
| 100 | 1 | _aNaranjo Boza, Nicolás | |
| 245 | 1 | 3 |
_aLa filosofía en la obra de Efe Gómez / _cNicolás Naranjo Boza _nV.1 _pLa formación de Efe Gómez en la Escuela Nacional de Minas |
| 250 | _a1a. ed. | ||
| 260 |
_aMedellín : _bUniversidad Nacional de Colombia, _c2012 |
||
| 300 |
_a123 p. : _bfot. ; _c24 cm |
||
| 490 | 0 | _aColección Facultad de Minas 125 años | |
| 500 | _aIncluye índice onomástico | ||
| 600 | 1 | 4 |
_aGómez, Efe, _d1873-1938 _xCrítica e interpretación |
| 600 | 2 | 4 |
_aGómez, Efe _d1873-1938 _xPensamiento filosófico |
| 650 | 1 | 4 |
_aFilosofía colombiana _ySiglo XX |
| 942 |
_2ddc _cBK _e2a. ed. _h109 _iN218 _n0 |
||
| 999 |
_c2044 _d2044 |
||